Представление документа в формате RUSMARC

ПолеНазваниеЗначение
  Тип записи a
  Библиографический уровень a
001 Контрольный номер RU/УОНБ/EK_Kray/521744991
005 Дата корректировки 20240131005112.8
100 Данные общей обработки __
a Данные общей обработки 20160713d2016 ||| 0rusy0189 ca
101 Язык документа 0_
a Язык текста rus
102 Страна публикации __
a Страна публикации RU
105 Кодированные данные (монография) __
a Кодированные данные (монография) y###||||000|y
200 Заглавие и сведения об ответственности 1_
a Заглавие Актер, угадавший новую формацию российских бандитов, или Как Никас Сафронов становится театральным художником
f Первые сведения об ответственности Иван Камышев
215 Физическое описание __
c Иллюстрации/тип воспроизводства 1 портр.
330 Аннотация __
a Аннотация Гость Международного кинофестиваля "От всей души" актер театра и кино, театральный режиссер Г. Р. Сайфулин.
461 Уровень набора _0
1 2000
a Ульяновская правда
1 011
463 Уровень физической единицы _0
1 001RU/УОНБ/EK_Kray/521733615
1 2000
a 3 июня
v С. 15.
1 210
d 2016
600 Персоналии _1
a Персоналии (Фамилия) Сайфулин, Геннадий Рашидович
610 Ключевые слова 0_
a Ключевые слова кинофестивали международные
610 Ключевые слова 0_
a Ключевые слова фестиваль "От всей души"
610 Ключевые слова 0_
a Ключевые слова гости кинофестиваля
686 Индексы других классификаций __
a Классификационный индекс 85.37
2 Код системы rubbk
700 Автор _1
a Фамилия Камышев
b Имя (инициалы) И.
g Полное личное имя Иван
4 Код отношения 070
801 Источник записи _0
a Страна RU
b Организация Ульяновская ОНБ
c Дата составления 20160713
g Правила каталогизации RCR
801 Источник записи _1
a Страна RU
b Организация Ульяновская ОНБ
c Дата составления 20160713
g Правила каталогизации RCR
901 Тип документа __
t Тип документа b
w Контрольный № источника RU/УОНБ/EK_Kray/521733615
909 Создатель записи __
a Создатель записи Морозова Н.А.
938 Служебная информация __
a Имя БД kraeved_work
b Имя библиотеки УОНБ
c Имя АИБС МАРК-SQL
d Номер DOC_ID в БД 122194